Open Data Biblioteca Nacional de Portugal


República Portuguesa: Ministério da Cultura
Biblioteca Nacional de Portugal

Catálogo da BNP: acesso por Identificadores Unívocos
Registos Bibliográficos associados ao registo de autoridade

Etiqueta de registo: 00000nkm 2200025 450
001 2265974
003 http://id.bnportugal.gov.pt/bib/catbnp/2265974
100 ## $a20260212d1982 m y0pory01030103ba
101 0# $aspa
102 ## $aES
200 1# $aArco, Arte Contemporaneo - Feria Internacional de Madrid, 10-17 Feb. 82$bVisual gráfico]$fIFEMA - Institucion Ferial de Madrid$gDiseño: Dolar
210 #9 $aMadrid$cIFEMA - Institucion Ferial de Madrid,$d1982
215 ## $a1 cartaz$ccolor.$d32,9x70,3 cm
317 ## $aColeção Madeira Luís
702 #1 $aDolar$4410$31985217
710 02 $aArco, Feria Internacional de Madrid,$eMadrid,$f1982$31993765
712 02 $aIFEMA - Feria de Madrid$31661560
801 #0 $aPT$bBN$gRPC
966 ## $lBN$mICONOG$sCT. 20618 A.$x3
971 ## $cCaticonografia5$d20260212
995 ## $aPRR2026 $d20260212$iCaticonografia5

OpendataBNP@bnportugal.pt | Mais informação sobre acesso aos dados BNP